[Event "Moscow op-B (Women)"]
[Site "Moscow"]
[Date "2016.02.05"]
[Round "7"]
[White "Mukhina, Jana"]
[Black "Toporkova, Sofia"]
[Result "1-0"]
[WhiteElo "2071"]
[BlackElo "1868"]
[PlyCount "271"]
[EventDate "2016.01.30"]
[EventType "swiss"]
[EventRounds "9"]
[EventCountry "RUS"]
[SourceTitle "CBM 170 Extra"]
[Source "ChessBase"]
[SourceDate "2016.02.25"]
[SourceVersion "1"]
[SourceVersionDate "2016.02.25"]
[SourceQuality "1"]

1. e4 e6 2. d4 d5 3. Nd2 Nc6 4. Ngf3 Nf6 5. e5 Nd7 6. Be2 f6 7. exf6 Qxf6 8. Nf1 Bd6 9. Ne3 b6 10. 0-0 Bb7 11. Re1 0-0-0 12. c4 dxc4 13. Nxc4 Bf4 14. Bxf4 Qxf4 15. Qd2 Qxd2 16. Ncxd2 Nb4 17. Bd1 Nd3 18. Rxe6 Nxb2 19. Bc2 Bd5 20. Re7 g6 21. Rb1 Nc4 22. Nxc4 Bxc4 23. Ba4 Bd5 24. Rc1 Bxf3 25. gxf3 a6 26. Rce1 Nf6 27. Rc1 Nd7 28. Re6 Kb8 29. Rec6 Rc8 30. Bb3 Rhe8 31. Be6 Re7 32. Bh3 Rce8 33. Rxc7 Re1+ 34. Bf1 Rxc1 35. Rxc1 Kb7 36. Bh3 Nf6 37. Bg2 Nd5 38. f4 Rd8 39. Be4 Kb8 40. Rc6 Kb7 41. Rc3 Kb8 42. Rc6 Kb7 43. Rf6 Kc7 44. Rf7+ Kd6 45. Bxd5 Kxd5 46. Rxh7 Ke4 47. Kg2 Rxd4 48. Rg7 Kf5 49. Rf7+ Ke6 50. Rg7 Kf6 51. Rb7 Rb4 52. a3 Rb3 53. a4 Rb4 54. Kg3 a5 55. Rc7 Rxa4 56. Rc6+ Kf5 57. Rxb6 Ra3+ 58. f3 a4 59. Rb5+ Kf6 60. f5 gxf5 61. Kf4 Kg6 62. Rb6+ Kf7 63. Ra6 Kg7 64. h4 Kh7 65. h5 Kg7 66. Rg6+ Kh7 67. Rf6 Ra1 68. Kxf5 a3 69. Ra6 a2 70. f4 Kg7 71. Ra7+ Kh6 72. Ra8 Kg7 73. h6+ Kh7 74. Ra6 Kg8 75. Ra7 Kh8 76. h7 Rb1 77. Rxa2 Rb5+ 78. Kg6 Ra5 79. Rh2 Ra2 80. Rh4 Ra6+ 81. Kg5 Rg6+ 82. Kf5 Rh6 83. Kg4 Rg6+ 84. Kf3 Rf6 85. Rh5 Rf7 86. Ke4 Re7+ 87. Re5 Rf7 88. Re8+ Kxh7 89. Ke5 Kg7 90. Rd8 Ra7 91. Rd5 Kf7 92. Rc5 Rb7 93. Kf5 Ra7 94. Kg5 Rb7 95. Rc6 Ra7 96. f5 Ra1 97. Rc7+ Kf8 98. Kg6 Rb1 99. Rc8+ Ke7 100. f6+ Kd7 101. f7 Rg1+ 102. Kh6 Rh1+ 103. Kg5 Rg1+ 104. Kh4 Kxc8 105. f8Q+ Kd7 106. Qf7+ Kc6 107. Qf3+ Kd7 108. Qd5+ Ke8 109. Kh5 Rg7 110. Kh6 Rd7 111. Qe6+ Kd8 112. Qb6+ Ke7 113. Kg7 Rd6 114. Qc5 Ke6 115. Qc8+ Kd5 116. Kf7 Rc6 117. Qf5+ Kd4 118. Qd7+ Kc5 119. Qd3 Rd6 120. Qa3+ Kd5 121. Ke7 Re6+ 122. Kd7 Rf6 123. Qd3+ Ke5 124. Qc3+ Kf5 125. Ke7 Re6+ 126. Kf7 Re4 127. Qf6+ Kg4 128. Kg6 Rf4 129. Qc3 Rf3 130. Qe5 Rf4 131. Qh5+ Kg3 132. Kg5 Re4 133. Qd1 Re5+ 134. Kf6 Re4 135. Qg1+ Kf4 136. Qf2+ 1-0

[Event "Moscow op-B (Women)"]
[Site "Moscow"]
[Date "2016.01.31"]
[Round "2"]
[White "Toporkova, Sofia"]
[Black "Trapeznikova, Darya"]
[Result "0-1"]
[WhiteElo "1868"]
[BlackElo "2139"]
[PlyCount "108"]
[EventDate "2016.01.30"]
[EventType "swiss"]
[EventRounds "9"]
[EventCountry "RUS"]
[SourceTitle "CBM 170 Extra"]
[Source "ChessBase"]
[SourceDate "2016.02.25"]
[SourceVersion "1"]
[SourceVersionDate "2016.02.25"]
[SourceQuality "1"]

1. d4 d5 2. c4 e6 3. Nc3 c6 4. e3 Bd6 5. Nf3 f5 6. Bd3 Nf6 7. 0-0 0-0 8. Ne5 b6 9. Qe2 Bxe5 10. dxe5 Ne4 11. f3 Nxc3 12. bxc3 c5 13. cxd5 Qxd5 14. e4 Qxe5 15. f4 Qc7 16. exf5 exf5 17. Rf3 Nc6 18. Rh3 h6 19. Bc4+ Kh8 20. Qh5 Na5 21. Bd3 Qf7 22. Qg5 Bb7 23. c4 Nc6 24. Bb2 Nd4 25. Re1 Rae8 26. Rxe8 Qxe8 27. Kf2 Qe6 28. Bc3 Re8 29. Qh5 a6 30. Bd2 Be4 31. Re3 Qc6 32. Qf7 Qe6 33. Qh5 Qd7 34. Bc3 Re7 35. Qh4 Re6 36. Be2 Rg6 37. Rg3 Rxg3 38. Qxg3 b5 39. Bh5 b4 40. Bd2 Nc2 41. Be3 Nd4 42. Qg6 Qe6 43. Bxd4 Qxg6 44. Bxg6 cxd4 45. g4 a5 46. Bxf5 Bxf5 47. gxf5 Kg8 48. Ke2 a4 49. Kd3 b3 50. axb3 a3 51. Kxd4 a2 52. c5 a1Q+ 53. Kc4 Kf7 54. c6 Ke7 0-1

[Event "Moscow op-B (Women)"]
[Site "Moscow"]
[Date "2016.01.30"]
[Round "1"]
[White "Dimitrova, Aleksandra"]
[Black "Toporkova, Sofia"]
[Result "1-0"]
[WhiteElo "2196"]
[BlackElo "1868"]
[PlyCount "61"]
[EventDate "2016.01.30"]
[EventType "swiss"]
[EventRounds "9"]
[EventCountry "RUS"]
[SourceTitle "CBM 170 Extra"]
[Source "ChessBase"]
[SourceDate "2016.02.25"]
[SourceVersion "1"]
[SourceVersionDate "2016.02.25"]
[SourceQuality "1"]

1. e4 e5 2. Nf3 Nc6 3. Bb5 Nge7 4. c3 a6 5. Ba4 g6 6. d4 exd4 7. Bg5 b5 8. Bf6 Rg8 9. Bb3 Na5 10. Bc2 dxc3 11. Nxc3 h6 12. e5 Bb7 13. 0-0 Qb8 14. Ne4 Nd5 15. a3 Nc4 16. Re1 Nf4 17. b3 Nxa3 18. e6 Nxe6 19. Bb2 Bg7 20. Bxg7 Rxg7 21. Rxa3 Kd8 22. b4 Qa7 23. Rd3 d6 24. Bb3 Kc8 25. Nf6 Bxf3 26. Qxf3 Nd8 27. Bd5 c6 28. Bxc6 Rb8 29. Bd7+ Kc7 30. Rc1+ Kb6 31. Rxd6+ 1-0

[Event "Wch U16 Girls"]
[Site "Porto Carras"]
[Date "2015.10.26"]
[Round "2"]
[White "Toporkova, Sofia"]
[Black "Kiolbasa, Oliwia"]
[Result "0-1"]
[WhiteElo "1950"]
[BlackElo "2182"]
[PlyCount "74"]
[EventDate "2015.10.25"]
[EventType "swiss"]
[EventRounds "11"]
[EventCountry "GRE"]
[SourceTitle "CBM 169 Extra"]
[Source "ChessBase"]
[SourceDate "2015.12.18"]
[SourceVersion "1"]
[SourceVersionDate "2015.12.18"]
[SourceQuality "1"]

1. d4 d5 2. Nf3 Nf6 3. c4 c6 4. Nc3 dxc4 5. a4 Bf5 6. Ne5 Nbd7 7. Nxc4 Nb6 8. Ne5 a5 9. f3 Nfd7 10. Nxd7 Nxd7 11. e4 Bg6 12. Be3 Qb6 13. Qd2 e5 14. dxe5 Bc5 15. Bxc5 Nxc5 16. Qc2 Rd8 17. Bc4 0-0 18. Kf1 Rd4 19. b3 Rfd8 20. Rd1 Rxd1+ 21. Nxd1 Qc7 22. e6 fxe6 23. g3 b5 24. axb5 cxb5 25. Bxb5 Qb7 26. Nc3 Rd4 27. Bc4 a4 28. Nxa4 Nxe4 29. Bxe6+ Kh8 30. Qc8+ Qxc8 31. Bxc8 Rd1+ 32. Kg2 Rd2+ 33. Kf1 Nf2 34. Ke1 Rc2 35. Ba6 Nxh1 36. b4 Nf2 37. b5 Bd3 0-1

[Event "Pardubice op rap 26th"]
[Site "Pardubice"]
[Date "2015.07.23"]
[Round "6"]
[White "Toporkova, Sofia"]
[Black "Valenta, Vit"]
[Result "1-0"]
[WhiteElo "1953"]
[BlackElo "2142"]
[PlyCount "45"]
[EventDate "2015.07.22"]
[EventType "swiss (rapid)"]
[EventRounds "9"]
[EventCountry "CZE"]
[SourceTitle "CBM 167 Extra"]
[Source "ChessBase"]
[SourceDate "2015.09.14"]
[SourceVersion "1"]
[SourceVersionDate "2015.09.14"]
[SourceQuality "1"]

1. c4 e5 2. g3 g6 3. Bg2 Bg7 4. e4 Nc6 5. Ne2 Nge7 6. 0-0 0-0 7. d3 f5 8. Nbc3 d6 9. f4 fxe4 10. Bxe4 Bh3 11. Bg2 Qd7 12. Ne4 b6 13. fxe5 Rxf1+ 14. Qxf1 Rf8 15. Nf6+ Rxf6 16. exf6 Bxg2 17. Kxg2 Nf5 18. fxg7 Ne5 19. Nd4 Nxg7 20. Bh6 Ng4 21. Qf4 c5 22. Bxg7 Kxg7 23. Nf3 1-0

[Event "Pardubice op rap 26th"]
[Site "Pardubice"]
[Date "2015.07.22"]
[Round "3"]
[White "Hansch, Stephan"]
[Black "Toporkova, Sofia"]
[Result "1/2-1/2"]
[WhiteElo "2179"]
[BlackElo "1953"]
[PlyCount "67"]
[EventDate "2015.07.22"]
[EventType "swiss (rapid)"]
[EventRounds "9"]
[EventCountry "CZE"]
[SourceTitle "CBM 167 Extra"]
[Source "ChessBase"]
[SourceDate "2015.09.14"]
[SourceVersion "1"]
[SourceVersionDate "2015.09.14"]
[SourceQuality "1"]

1. d4 d5 2. c4 dxc4 3. e3 e5 4. Bxc4 exd4 5. exd4 Nf6 6. Nf3 Be7 7. 0-0 0-0 8. Nc3 c6 9. Bg5 h6 10. Bf4 Nbd7 11. Re1 Nb6 12. Bb3 Nbd5 13. Nxd5 Nxd5 14. Be5 Bg4 15. h3 Bh5 16. a3 Re8 17. Bc2 Bf6 18. g4 Bg6 19. Bxg6 fxg6 20. Qd3 Bxe5 21. Nxe5 Nf4 22. Qb3+ Kh7 23. Re4 Qd5 24. Qxd5 Nxd5 25. Rae1 Rf8 26. Nd7 Rf7 27. Ne5 Rf4 28. Rxf4 Nxf4 29. Kh2 Rd8 30. Kg3 Rxd4 31. Nf3 Nd3 32. Re7 Rd5 33. Rxb7 a5 34. b4 1/2-1/2

[Event "Samara Polugaevsky Memorial 5th"]
[Site "Samara"]
[Date "2015.07.10"]
[Round "8"]
[White "Pogorelskikh, Sofia"]
[Black "Toporkova, Sofia"]
[Result "0-1"]
[WhiteElo "1572"]
[BlackElo "1953"]
[PlyCount "106"]
[EventDate "2015.07.03"]
[EventType "swiss"]
[EventRounds "9"]
[EventCountry "RUS"]
[SourceTitle "EXT 2017"]
[Source "ChessBase"]
[SourceDate "2016.10.25"]
[SourceVersion "1"]
[SourceVersionDate "2016.10.25"]
[SourceQuality "1"]

1. e4 c5 2. Nf3 b6 3. c4 Bb7 4. Nc3 e6 5. d4 cxd4 6. Nxd4 a6 7. f3 Be7 8. Be3 d6 9. Qd2 Nf6 10. Bd3 Nbd7 11. 0-0 Ne5 12. Rac1 Nxd3 13. Qxd3 Nd7 14. Qd2 h6 15. Rfd1 g5 16. Qf2 Rc8 17. b3 h5 18. Nde2 Qc7 19. Na4 Nc5 20. Nxc5 dxc5 21. Qg3 Qxg3 22. Nxg3 h4 23. Ne2 g4 24. Kf2 h3 25. g3 gxf3 26. Kxf3 f5 27. Nf4 Bxe4+ 28. Ke2 Kf7 29. Rd7 Rh7 30. Ra7 Ra8 31. Rxa8 Bxa8 32. Rd1 Bc6 33. Bc1 e5 34. Nd5 Bxd5 35. Rxd5 Ke6 36. Bb2 Bf6 37. Ke3 Rg7 38. Rd1 f4+ 39. Kf2 fxg3+ 40. hxg3 Bh4 41. gxh4 Rg2+ 42. Ke3 Rxb2 43. Rh1 h2 44. Kf3 Kf5 45. Kg3 Rxa2 46. Rxh2 Rxh2 47. Kxh2 Kg4 48. Kg2 Kxh4 49. Kf3 Kg5 50. Ke4 Kf6 51. Ke3 Kf5 52. Kf3 e4+ 53. Ke3 Ke5 0-1

[Event "Samara Polugaevsky Memorial 5th"]
[Site "Samara"]
[Date "2015.07.04"]
[Round "2"]
[White "Drygalov, Andrey"]
[Black "Toporkova, Sofia"]
[Result "1-0"]
[WhiteElo "2305"]
[BlackElo "1953"]
[PlyCount "41"]
[EventDate "2015.07.03"]
[EventType "swiss"]
[EventRounds "9"]
[EventCountry "RUS"]
[SourceTitle "EXT 2017"]
[Source "ChessBase"]
[SourceDate "2016.10.25"]
[SourceVersion "1"]
[SourceVersionDate "2016.10.25"]
[SourceQuality "1"]

1. e4 c5 2. Nc3 e6 3. Nf3 a6 4. d4 cxd4 5. Nxd4 b5 6. Bd3 Qb6 7. Nf3 Bc5 8. 0-0 d6 9. a3 Qc7 10. Ne2 Nf6 11. b4 Ba7 12. Bb2 Nbd7 13. Rc1 Nb6 14. e5 dxe5 15. Bxe5 Qd8 16. a4 bxa4 17. c4 0-0 18. Qc2 Bb7 19. Rfd1 Qe7 20. Bd6 Qxd6 21. Bxh7+ 1-0

[Event "EU-ch 16th"]
[Site "Jerusalem"]
[Date "2015.03.06"]
[Round "10"]
[White "Kochavi, Ori"]
[Black "Toporkova, Sofia"]
[Result "0-1"]
[WhiteElo "1607"]
[BlackElo "1962"]
[PlyCount "103"]
[EventDate "2015.02.24"]
[EventType "swiss"]
[EventRounds "11"]
[EventCountry "ISR"]
[SourceTitle "CBM 166"]
[Source "ChessBase"]
[SourceDate "2015.05.11"]
[SourceVersion "1"]
[SourceVersionDate "2015.05.11"]
[SourceQuality "1"]

1. e4 c5 2. Nf3 b6 3. Nc3 Bb7 4. Bc4 a6 5. a4 e6 6. Qe2 d6 7. 0-0 Nc6 8. d3 Be7 9. Bf4 Nf6 10. Bb3 0-0 11. Bg3 Nh5 12. Rad1 Nxg3 13. hxg3 Qc7 14. d4 cxd4 15. Nxd4 Bf6 16. Nxc6 Qxc6 17. Rfe1 Rfd8 18. Rd3 b5 19. Qg4 b4 20. Nd1 a5 21. Rf3 Kf8 22. Qh5 Ke7 23. Ne3 Qe8 24. Ng4 Bxb2 25. Qg5+ Kd7 26. Rd3 Qe7 27. Qf4 Ke8 28. Red1 e5 29. Qf5 Bc8 30. Qf3 Bd4 31. Ne3 Ba6 32. Nd5 Qa7 33. Rxd4 exd4 34. Qg4 Kf8 35. Qf5 Kg8 36. Qg5 Kh8 37. Ne7 Rd7 38. Nf5 f6 39. Qh4 d3 40. cxd3 Re8 41. Bd5 Bb7 42. Bc4 Bc6 43. Kh2 Qxf2 44. Rh1 d5 45. Bb3 dxe4 46. Kh3 Qxf5+ 47. g4 Rxd3+ 48. Kh2 Qe5+ 49. Kg1 h6 50. Bc2 Qc5+ 51. Kh2 Qxc2 52. Qh5 0-1

[Event "EU-ch 16th"]
[Site "Jerusalem"]
[Date "2015.03.05"]
[Round "9"]
[White "Toporkova, Sofia"]
[Black "Shohat, Yotam"]
[Result "1/2-1/2"]
[WhiteElo "1962"]
[BlackElo "1903"]
[PlyCount "100"]
[EventDate "2015.02.24"]
[EventType "swiss"]
[EventRounds "11"]
[EventCountry "ISR"]
[SourceTitle "CBM 166"]
[Source "ChessBase"]
[SourceDate "2015.05.11"]
[SourceVersion "1"]
[SourceVersionDate "2015.05.11"]
[SourceQuality "1"]

1. d4 Nf6 2. c4 c5 3. d5 b5 4. Nf3 g6 5. Qc2 Bg7 6. e4 d6 7. cxb5 0-0 8. Be2 a6 9. 0-0 axb5 10. Bxb5 Ba6 11. Nc3 Bxb5 12. Nxb5 Na6 13. Bd2 Qb6 14. a4 Rfb8 15. Rab1 Rc8 16. Qc4 Qb7 17. b3 Nc7 18. Nxc7 Rxc7 19. Rfe1 Nd7 20. a5 Qa6 21. h3 Qc8 22. Rec1 Raa7 23. Qe2 Ne5 24. Nxe5 Bxe5 25. Qc4 f5 26. Kh1 f4 27. f3 g5 28. Qe2 Qb8 29. Kh2 h5 30. b4 cxb4 31. Rxb4 Qc8 32. Rcb1 Kf7 33. Rb8 Qd7 34. Kh1 Qa4 35. Qb5 Qxb5 36. R8xb5 Rc2 37. Be1 Rac7 38. a6 Rc1 39. Kg1 Rxb1 40. Rxb1 Ra7 41. h4 g4 42. g3 Rxa6 43. gxf4 Bxf4 44. fxg4 hxg4 45. Bc3 Bh6 46. e5 dxe5 47. Bxe5 Ra5 48. Rd1 Ra2 49. d6 exd6 50. Bxd6 Rd2 1/2-1/2

[Event "EU-ch 16th"]
[Site "Jerusalem"]
[Date "2015.02.24"]
[Round "1"]
[White "Toporkova, Sofia"]
[Black "Stefansson, Hannes"]
[Result "0-1"]
[WhiteElo "1962"]
[BlackElo "2573"]
[PlyCount "60"]
[EventDate "2015.02.24"]
[EventType "swiss"]
[EventRounds "11"]
[EventCountry "ISR"]
[SourceTitle "CBM 166"]
[Source "ChessBase"]
[SourceDate "2015.05.11"]
[SourceVersion "1"]
[SourceVersionDate "2015.05.11"]
[SourceQuality "1"]

1. Nf3 Nf6 2. c4 b6 3. g3 Bb7 4. Bg2 g6 5. 0-0 Bg7 6. Nc3 0-0 7. d4 Ne4 8. Nxe4 Bxe4 9. Be3 d6 10. Qd2 Nd7 11. Bh6 Nf6 12. Bxg7 Kxg7 13. Qf4 c5 14. g4 h6 15. h4 Bb7 16. dxc5 bxc5 17. Bh3 Qd7 18. Kh2 Bc8 19. Nd2 Nxg4+ 20. Kg3 f5 21. Bxg4 fxg4 22. Qe3 Bb7 23. f3 gxf3 24. exf3 e5 25. Rh1 Rf4 26. h5 Raf8 27. Raf1 Bxf3 28. Rxf3 Qg4+ 29. Kf2 Rxf3+ 30. Nxf3 e4 0-1

[Event "St Petersburg-ch (Women) 82nd"]
[Site "St Petersburg"]
[Date "2014.03.30"]
[Round "10"]
[White "Chernyak, Viktoria"]
[Black "Toporkova, Sofia"]
[Result "1/2-1/2"]
[WhiteElo "2040"]
[BlackElo "1852"]
[PlyCount "84"]
[EventDate "2014.03.21"]
[EventType "tourn"]
[EventRounds "11"]
[EventCountry "RUS"]
[SourceTitle "CBM 159 Extra"]
[Source "ChessBase"]
[SourceDate "2014.04.24"]
[SourceVersion "1"]
[SourceVersionDate "2014.04.24"]
[SourceQuality "1"]

1. Nf3 d5 2. g3 Bg4 3. Bg2 e6 4. d3 Nd7 5. Nbd2 Ngf6 6. e4 dxe4 7. dxe4 Be7 8. Qe2 0-0 9. e5 Nd5 10. 0-0 c6 11. Re1 Qc7 12. a3 Bh5 13. c4 N5b6 14. h4 Rfd8 15. Nb3 a5 16. Bf4 a4 17. Nbd4 Nf8 18. Rad1 Ng6 19. Bc1 Ra5 20. Qe4 Nxe5 21. Bf4 Nxf3+ 22. Nxf3 Qc8 23. Rd2 Bg6 24. Qe2 Rxd2 25. Bxd2 Ra8 26. Ne5 Nd7 27. Nxg6 hxg6 28. Bf4 Nc5 29. Rd1 Qe8 30. Bc7 Bd8 31. Bd6 Nb3 32. Be5 Qe7 33. Bd6 Qe8 34. Be5 Bb6 35. Be4 Rd8 36. Bc2 Bd4 37. Bxb3 Bxe5 38. Bxa4 Rxd1+ 39. Bxd1 Bf6 40. b4 Qd7 41. Bc2 Qd4 42. a4 Qe5 1/2-1/2

[Event "St Petersburg-ch (Women) 82nd"]
[Site "St Petersburg"]
[Date "2014.03.24"]
[Round "4"]
[White "Toporkova, Sofia"]
[Black "Tskhadadze, Anna"]
[Result "1/2-1/2"]
[WhiteElo "1852"]
[BlackElo "1819"]
[PlyCount "95"]
[EventDate "2014.03.21"]
[EventType "tourn"]
[EventRounds "11"]
[EventCountry "RUS"]
[SourceTitle "CBM 159 Extra"]
[Source "ChessBase"]
[SourceDate "2014.04.24"]
[SourceVersion "1"]
[SourceVersionDate "2014.04.24"]
[SourceQuality "1"]

1. d4 d5 2. c4 e6 3. Nc3 Be7 4. cxd5 exd5 5. Bf4 c6 6. e3 Nf6 7. Bd3 0-0 8. Qc2 Bd6 9. Bg3 h6 10. Nf3 Bxg3 11. hxg3 Be6 12. 0-0-0 Nbd7 13. Rh4 b5 14. Rdh1 Ng4 15. Bh7+ Kh8 16. Bf5 Nxf2 17. Qxf2 Bxf5 18. g4 Be4 19. g5 Bxf3 20. gxh6 g6 21. gxf3 Kh7 22. f4 Qf6 23. e4 b4 24. e5 Qe6 25. Ne2 c5 26. f5 Qxf5 27. Qxf5 gxf5 28. Nf4 cxd4 29. Nxd5 Rac8+ 30. Kb1 Nxe5 31. Ne7 Rc7 32. Nxf5 Nf3 33. Rg4 Nd2+ 34. Ka1 Rfc8 35. b3 d3 36. Rxb4 Rc1+ 37. Rxc1 Rxc1+ 38. Kb2 Rc2+ 39. Ka1 Rc1+ 40. Kb2 Rc2+ 41. Ka1 Nf1 42. Kb1 Rc5 43. Rf4 Nd2+ 44. Kb2 Rc2+ 45. Ka1 Rc1+ 46. Kb2 Rc2+ 47. Ka1 Rc1+ 48. Kb2 1/2-1/2

[Event "St Petersburg-ch (Women) 82nd"]
[Site "St Petersburg"]
[Date "2014.03.22"]
[Round "2"]
[White "Toporkova, Sofia"]
[Black "Belenkaya, Dina"]
[Result "1/2-1/2"]
[WhiteElo "1852"]
[BlackElo "2254"]
[PlyCount "26"]
[EventDate "2014.03.21"]
[EventType "tourn"]
[EventRounds "11"]
[EventCountry "RUS"]
[SourceTitle "CBM 159 Extra"]
[Source "ChessBase"]
[SourceDate "2014.04.24"]
[SourceVersion "1"]
[SourceVersionDate "2014.04.24"]
[SourceQuality "1"]

1. e4 c6 2. d4 d5 3. exd5 cxd5 4. Bd3 Nc6 5. c3 Qc7 6. h3 Nf6 7. Nf3 g6 8. 0-0 Bf5 9. Re1 Bxd3 10. Qxd3 Bg7 11. Ne5 e6 12. Bf4 Qb6 13. Nd2 0-0 1/2-1/2

[Event "Wch U14 Girls"]
[Site "Al Ain"]
[Date "2013.12.26"]
[Round "9"]
[White "Butvilaite, Berta Reja"]
[Black "Toporkova, Sofia"]
[Result "0-1"]
[WhiteElo "1616"]
[BlackElo "1811"]
[PlyCount "60"]
[EventDate "2013.12.18"]
[EventType "swiss"]
[EventRounds "11"]
[EventCountry "UAE"]
[SourceTitle "CBM 158 Extra"]
[Source "ChessBase"]
[SourceDate "2014.02.28"]
[SourceVersion "1"]
[SourceVersionDate "2014.02.28"]
[SourceQuality "1"]

1. e4 e6 2. d4 d5 3. Nc3 h6 4. e5 c5 5. Nf3 Nc6 6. Bb5 a6 7. Be2 cxd4 8. Nxd4 Nxe5 9. Bf4 Bd6 10. Bg3 Ne7 11. f4 Nc4 12. Bxc4 dxc4 13. Qe2 b5 14. 0-0-0 0-0 15. Ne4 Nd5 16. f5 Bxg3 17. Nxg3 c3 18. fxe6 fxe6 19. Nxe6 cxb2+ 20. Kxb2 Qf6+ 21. Nd4 b4 22. Rhf1 Nf4 23. Qe4 Bg4 24. Rd2 Rae8 25. Qc6 Qe5 26. Kc1 Ne2+ 27. Kb2 Rxf1 28. Nxf1 Nxd4 29. Qc4+ Ne6+ 30. Kb3 Qa5 0-1

[Event "EU-ch U14 Girls 23rd"]
[Site "Budva"]
[Date "2013.10.06"]
[Round "7"]
[White "Parol, Pola"]
[Black "Toporkova, Sofia"]
[Result "0-1"]
[WhiteElo "1656"]
[BlackElo "1799"]
[PlyCount "106"]
[EventDate "2013.09.29"]
[EventType "swiss"]
[EventRounds "9"]
[EventCountry "MNE"]
[SourceTitle "EXT 2014"]
[Source "ChessBase"]
[SourceDate "2013.11.20"]
[SourceVersion "1"]
[SourceVersionDate "2013.11.20"]
[SourceQuality "1"]

1. e4 e6 2. d4 d5 3. Nc3 Bb4 4. e5 Qd7 5. a3 Bxc3+ 6. bxc3 b6 7. Nf3 Ba6 8. Bxa6 Nxa6 9. Qd3 Qa4 10. Be3 Ne7 11. 0-0 Nf5 12. Nd2 c5 13. Rac1 0-0 14. g4 c4 15. Qe2 Nxe3 16. Qxe3 Nc7 17. f4 f5 18. exf6 Rxf6 19. Qe5 Rf7 20. f5 exf5 21. Rxf5 Re8 22. Qf4 Rxf5 23. gxf5 Qxa3 24. Rf1 Qxc3 25. Qxc7 Qxd2 26. Qxa7 Qxd4+ 27. Kh1 Qe4+ 28. Kg1 Qg4+ 29. Kh1 Qe2 30. Kg1 Qxc2 31. Qxb6 Qe4 32. Qc6 Qe5 33. Rf2 c3 34. f6 gxf6 35. Qd7 Re7 36. Qc8+ Kf7 37. Qh8 Qe1+ 38. Kg2 Qe4+ 39. Kg1 Qg6+ 40. Rg2 Re1+ 41. Kf2 Re2+ 42. Kxe2 Qxg2+ 43. Ke3 Qe4+ 44. Kf2 c2 45. Qc8 Qf4+ 46. Ke2 c1Q 47. Qd7+ Kg6 48. Qe8+ Kf5 49. Qd7+ Ke4 50. Qe6+ Qe5 51. Qg4+ Qcf4 52. Qg2+ Kf5+ 53. Kd1 Qa1+ 0-1

[Event "EU-ch U14 Girls 23rd"]
[Site "Budva"]
[Date "2013.10.03"]
[Round "5"]
[White "Avramidou, Anastasia"]
[Black "Toporkova, Sofia"]
[Result "0-1"]
[WhiteElo "1889"]
[BlackElo "1799"]
[PlyCount "146"]
[EventDate "2013.09.29"]
[EventType "swiss"]
[EventRounds "9"]
[EventCountry "MNE"]
[SourceTitle "EXT 2014"]
[Source "ChessBase"]
[SourceDate "2013.11.20"]
[SourceVersion "1"]
[SourceVersionDate "2013.11.20"]
[SourceQuality "1"]

1. d4 d5 2. c4 dxc4 3. Nf3 a6 4. e3 Bg4 5. Bxc4 e6 6. 0-0 Nf6 7. Nc3 Nc6 8. Be2 Bd6 9. h3 Bh5 10. b3 0-0 11. Bb2 Qe7 12. Ne5 Bxe2 13. Nxc6 Bxd1 14. Nxe7+ Bxe7 15. Rfxd1 c6 16. Rac1 Nd7 17. e4 Rfe8 18. d5 exd5 19. exd5 c5 20. Rc2 Bd6 21. Bc1 b5 22. Be3 Rac8 23. Kf1 c4 24. Ne2 cxb3 25. Rxc8 Rxc8 26. axb3 Nf6 27. Bd4 Ne4 28. f3 Ng3+ 29. Nxg3 Bxg3 30. Ra1 f6 31. Rxa6 Rd8 32. Bf2 Be5 33. Ke2 Rxd5 34. Ra7 Bc3 35. Rc7 b4 36. Be3 Ra5 37. Kd3 Ra2 38. g3 Rb2 39. Kc4 Bd2 40. Bc5 Be1 41. Rc8+ Kf7 42. Rf8+ Kg6 43. Re8 Bxg3 44. Re4 h5 45. Bf8 Rh2 46. Re7 Rxh3 47. Rxg7+ Kf5 48. Bxb4 Be5 49. Rh7 Kg6 50. Rh8 Kg7 51. Rd8 Rxf3 52. Rd3 Rf4+ 53. Kc5 h4 54. Be1 Kg6 55. b4 Rf5 56. Kc6 Rh5 57. Rh3 Kg5 58. b5 Kg4 59. Rh1 h3 60. b6 Kf3 61. b7 h2 62. Bc3 Bb8 63. Bxf6 Rh7 64. Ra1 h1Q 65. Rxh1 Rxh1 66. Kd7 Rc1 67. Bd8 Ke4 68. Ba5 Kd5 69. Bd8 Rc6 70. Ba5 Kc5 71. Bd8 Kb5 72. Ba5 Rc2 73. Bd8 Ka6 0-1

[Event "EU-ch U14 Girls 23rd"]
[Site "Budva"]
[Date "2013.10.02"]
[Round "4"]
[White "Toporkova, Sofia"]
[Black "Drogovoz, Irina"]
[Result "1/2-1/2"]
[WhiteElo "1799"]
[BlackElo "2031"]
[PlyCount "71"]
[EventDate "2013.09.29"]
[EventType "swiss"]
[EventRounds "9"]
[EventCountry "MNE"]
[SourceTitle "EXT 2014"]
[Source "ChessBase"]
[SourceDate "2013.11.20"]
[SourceVersion "1"]
[SourceVersionDate "2013.11.20"]
[SourceQuality "1"]

1. d4 d5 2. c4 c6 3. Nf3 Nf6 4. e3 a6 5. b3 Bf5 6. Nc3 b5 7. Bb2 Qb6 8. cxd5 cxd5 9. Be2 h6 10. Ne5 e6 11. g4 Bh7 12. h4 Nfd7 13. Nd3 Nc6 14. a3 Be7 15. b4 Qd8 16. Nc5 Nb6 17. Nxa6 Rxa6 18. Bxb5 Nc4 19. Bxa6 Nxb2 20. Qe2 Nc4 21. Bxc4 dxc4 22. Qxc4 Qa8 23. Ke2 0-0 24. g5 h5 25. Rhg1 Bf5 26. g6 fxg6 27. f3 Bf6 28. Ne4 Bxh4 29. Nc5 Bf6 30. Nxe6 Bxe6 31. Qxe6+ Kh7 32. Qc4 Ne7 33. Qd3 Qb8 34. Rh1 Nf5 35. Rag1 Qe8 36. Kd2 1/2-1/2

[Event "Chigorin Memorial 20th"]
[Site "St Petersburg"]
[Date "2012.11.03"]
[Round "8"]
[White "Schekachikhin, Maksim"]
[Black "Toporkova, Sofia"]
[Result "1-0"]
[WhiteElo "1921"]
[BlackElo "1732"]
[PlyCount "59"]
[EventDate "2012.10.27"]
[EventType "swiss"]
[EventRounds "9"]
[EventCountry "RUS"]
[SourceTitle "EXT 2013"]
[Source "ChessBase"]
[SourceDate "2012.11.22"]
[SourceVersion "1"]
[SourceVersionDate "2012.11.22"]
[SourceQuality "1"]

1. Nf3 d5 2. g3 e6 3. Bg2 Nf6 4. 0-0 c5 5. d4 Nc6 6. c4 Bd7 7. cxd5 Nxd5 8. e4 Nb6 9. d5 Nb4 10. a3 Ba4 11. b3 Bb5 12. axb4 Bxf1 13. Bxf1 cxb4 14. Bb5+ Nd7 15. dxe6 Be7 16. exf7+ Kf8 17. Bxd7 Rc8 18. Bf4 h6 19. Qd2 Ra8 20. Ne5 g5 21. Be3 Bf6 22. Ng6+ Kg7 23. Nxh8 Bxa1 24. Bd4+ Bxd4 25. Qxd4+ Kf8 26. Qd6+ Kg7 27. Qg6+ Kf8 28. Qxh6+ Ke7 29. Qe6+ Kf8 30. Ng6+ 1-0